La philosophie du droit / (Record no. 157784)

MARC details
000 -LEADER
campo de control de longitud fija 00929nam a22002415i 4500
001 - NÚMERO DE CONTROL
campo de control 157784
003 - IDENTIFICADOR DE NÚMERO DE CONTROL
campo de control ES-MaACL
005 - FECHA Y HORA DE LA ÚLTIMA TRANSACCIÓN
campo de control 20250809062559.0
008 - DATOS DE LONGITUD FIJA--INFORMACIÓN GENERAL
campo de control de longitud fija 990215s1887 fr |||| | fre d
040 ## - FUENTE DE CATALOGACIÓN
Centro catalogador/agencia de origen CCPB | B
Lengua de catalogación spa
Centro/agencia transcriptor CCPB | B
100 1# - ENTRADA PRINCIPAL--NOMBRE DE PERSONA
Nombre de persona Lioy, Diodato.
9 (RLIN) 128970
245 13 - MENCIÓN DEL TÍTULO
Título La philosophie du droit /
Mención de responsabilidad, etc. par Diodato Lioy ; traduit de l´italien avec l´autorisation de l´auteur par Louis Durand et précédé d´une préface par Louis Durand y Jean Terrel.
260 ## - PUBLICACIÓN, DISTRIBUCIÓN, ETC.
Lugar de publicación, distribución, etc. Paris :
Nombre del editor, distribuidor, etc. Chevalier-Marescq et C\pie\s,
Fecha de publicación, distribución, etc. 1887.
300 ## - DESCRIPCIÓN FÍSICA
Extensión CXXXVI, 587 p. ;
Dimensiones 23 cm.
597 #1 - NOTA DE DESCRIPCIÓN FÍSICA
NOTA DE DESCRIPCIÓN FÍSICA Antep.
650 #4 - PUNTO DE ACCESO ADICIONAL DE MATERIA--TÉRMINO DE MATERIA
Término de materia o nombre geográfico como elemento de entrada Derecho-
Subdivisión general Filosofía
9 (RLIN) 11620
700 11 - ENTRADA AGREGADA--NOMBRE PERSONAL
Nombre de persona Durand, Louis,
Término indicativo de función/relación
9 (RLIN) 46255
700 11 - ENTRADA AGREGADA--NOMBRE PERSONAL
Nombre de persona Terrel, Jean,
Término indicativo de función/relación
9 (RLIN) 133187
752 ## - ENTRADA AGREGADA--NOMBRE JERÁRQUICO DEL LUGAR
País o entidad superior Francia -
Ciudad París
852 ## - LOCALIZACIÓN
Ubicación ES-MaACL
Número de control de estantería F-10233
Nota libre -- Enc. pasta española
Encuadernación -- Edic.: El imp. es: Havre : Imprimerie du Commerce
Holdings
Estatus retirado Estado de pérdida Estado de daño No para préstamo Colección Biblioteca de origen Biblioteca actual Ubicación en estantería Fecha de adquisición Fuente de adquisición Total de préstamos Signatura topográfica completa Código de barras Visto por última vez Precio de reemplazo Tipo de ítem Koha
        Libros del s. XIX Biblioteca del Ateneo de Madrid Biblioteca del Ateneo de Madrid Sala Pecera Planta 2 17/01/2008     F-10233 1165121 23/02/2023 23/02/2023 Libro impreso antiguo